000 00335nam a2200133Ia 4500
005 20260328104337.0
008 260328s9999||||xx |||||||||||||| ||und||
100 _aNavas, Pablo
245 0 _aFICHAS de INVESTIGACIÓN /
_cPablo Navas
260 _bUniversidad de los Andes
300 _a108 p.
650 _aARQUITECTURA
942 _cBK
999 _c11941
_d11941